Score 0/25 Timer 06:00
2 Plays Today
% Correct
The Grapes of Wrath
78.9%
The Brief Wondrous Life of Oscar Wao
78.1%
1Q84
77.1%
The Adventures of Tom Sawyer
73.8%
Gone with the Wind
73.2%
Great Expectations
68%
Love in the Time of Cholera
66%
The Corrections
65.9%
Moby-Dick
65.3%
Robinson Crusoe
62.4%
Don Quixote
62.3%
Pride and Prejudice
62%
Othello
61.4%
% Correct
War and Peace
61.4%
The White Tiger
60.1%
The Tempest
59.1%
Things Fall Apart
58.5%
Paradise Lost
55.6%
Ulysses
52.6%
Candide
51.7%
The Pilgrim's Progress
49.9%
Tom Jones
47.5%
Gilead
37.3%
The Sorrows of Young Werther
34.8%
Dream of the Red Chamber
23.8%
Remove Ads.
Support Sporcle.
Get the best of Sporcle when you Go Orange. This ad-free experience offers more features, more stats, and more fun while also helping to support Sporcle. Thank you for becoming a member.

You're not logged in!

Compare scores with friends on all Sporcle quizzes.
OR
Log In

Show Comments

Extras

Top Quizzes Today


Score Distribution

Your Account Isn't Verified!

In order to create a playlist on Sporcle, you need to verify the email address you used during registration. Go to your Sporcle Settings to finish the process.

Report this User

Report this user for behavior that violates our Community Guidelines.

Details: